00317nam a2200097Ia 4500008004100000020001800041100001800059245008900077260003200166300002100198180315s9999 xx 000 0 und d a9781138887176 aWylie, Philip cLawson, Wenn B. ; Beardon, LukeaThe nine degrees of autism :ba developmental model aNew York :b2016cRoutledge axxvii, 182 pages